| 000 | 00703nam a22002177a 4500 | ||
|---|---|---|---|
| 003 | OSt | ||
| 005 | 20250918033859.0 | ||
| 008 | 250918b |||||||| |||| 00| 0 eng d | ||
| 020 | _a978-1-4160-3243-4. | ||
| 040 |
_aDWC-Main Lib. _cOC |
||
| 082 | _25th Ed. | ||
| 100 | _aJARVIS, CAROLYN | ||
| 245 |
_aPhysical examination & health assessment/ _cJARVIS, CAROLYN |
||
| 260 |
_aSt. Louis, Missouri : _bSaunders/ Elsevier, _cc2008. |
||
| 300 |
_axx, 902 p. : _bcol. ill. ; _c28 cm. + 1 CD-ROM. |
||
| 504 | _aIncludes bibliographical references and index. | ||
| 650 | _a1. Nursing assessment. | ||
| 650 | _a2. Physical diagnosis. | ||
| 760 | _b5th ed. | ||
| 942 |
_2ddc _cBK-CIRC _e5th ed. _hCirc. _n0 |
||
| 999 |
_c4475 _d4475 |
||